[Event "Faculdade Crista da Amazonia op 16th"]
[Site "Faculdade Crista da Amazonia"]
[Date "2021.08.28"]
[Round "3"]
[White "De Lima, Lucas Ribeiro"]
[Black "Gregorio, Joanderson Olimpio"]
[Result "1-0"]
[WhiteElo "1785"]
[BlackElo "1789"]
[PlyCount "57"]
[EventDate "2021.08.27"]
[EventType "swiss"]
[EventRounds "5"]
[EventCountry "BRA"]
[SourceTitle "CBM 204 Extra"]
[Source "ChessBase"]
[SourceDate "2021.11.30"]
[SourceVersion "1"]
[SourceVersionDate "2021.11.30"]
[SourceQuality "1"]

1. c4 e5 2. Nc3 Nc6 3. Nf3 Nf6 4. g3 Bb4 5. Bg2 Bxc3 6. bxc3 d6 7. 0-0 0-0 8. d4 e4 9. Ng5 d5 10. cxd5 Qxd5 11. Bf4 Nh5 12. Bxe4 Qc4 13. Bxh7+ Kh8 14. e3 Nxf4 15. exf4 g6 16. d5 Ne7 17. Qe1 Nxd5 18. Rd1 c6 19. Qe5+ f6 20. Qd6 Bf5 21. Bxg6 fxg5 22. Bxf5 Rxf5 23. Qh6+ Kg8 24. Qg6+ Kh8 25. Qxf5 gxf4 26. Rfe1 fxg3 27. hxg3 Rg8 28. Re4 Qc5 29. Rh4+ 1-0

[Event "Faculdade Crista da Amazonia op 16th"]
[Site "Faculdade Crista da Amazonia"]
[Date "2021.08.27"]
[Round "1"]
[White "De Sousa, Estevao Angelo"]
[Black "Gregorio, Joanderson Olimpio"]
[Result "1-0"]
[WhiteElo "1800"]
[BlackElo "1789"]
[PlyCount "57"]
[EventDate "2021.08.27"]
[EventType "swiss"]
[EventRounds "5"]
[EventCountry "BRA"]
[SourceTitle "CBM 204 Extra"]
[Source "ChessBase"]
[SourceDate "2021.11.30"]
[SourceVersion "1"]
[SourceVersionDate "2021.11.30"]
[SourceQuality "1"]

1. c4 e5 2. Nc3 Nc6 3. g3 Nf6 4. Bg2 Bb4 5. e3 0-0 6. Nge2 Bxc3 7. Nxc3 d6 8. 0-0 Be6 9. b3 Rb8 10. Bb2 Qd7 11. Re1 Bg4 12. Qc2 Nb4 13. Qb1 c6 14. a3 Na6 15. d4 exd4 16. exd4 Nc7 17. Ne4 Nxe4 18. Bxe4 f5 19. Bd3 Bh3 20. Qc2 Ne6 21. Re3 Rbe8 22. Rae1 Qf7 23. d5 Ng5 24. f4 Rxe3 25. Rxe3 Re8 26. Qe2 Rxe3 27. Qxe3 Qh5 28. Be2 Bg4 29. Bxg4 1-0